000 00313pab a2200133 454500
008 180718b xxu||||| |||| 00| 0 eng d
100 _aGaneson K.
245 _aMultimember pou panel
362 _a8 Oct 93, p.8
650 _a Chief Election Commissioner
650 _aElections
773 _aHindu
909 _a25812
999 _c25812
_d25812